000 01217 a2200229 4500
001 45486
005 20260407155727.0
008 260407a1995 arg spa d
003 AR-UNSa-BCEJYS
040 _aAR-UNSa-BCEJYS
_bspa
_cAR-UNSa-BCEJYS
080 _a331
_xTrabajo. Empleo. Organización del trabajo
245 1 0 _aEl trabajo en el mundo
_p1995
020 _a92-2-309447-X
264 1 _aGinebra :
_bOIT
_c1995
300 _axi, 145 p.
_c27 cm.
505 _a1.Controversias en torno a las estadísticas del trabajo – 2. Sociedades en pleno envejecimiento y trabajadores de edad : problemas y perspectivas – 3. La situación del empleo y la protección social a raíz de la privatización de empresas y servicios públicos – 4. Transformación de las relaciones entre las autoridades públicas, los empleadores y los trabajadores – 5. El readiestramiento profesional como medio de mejorar las perspectivas de empleo de los trabajadores desplazados.
041 _aspa
942 _cBK
590 _aniveau_biblio:m niveau_hierar:0
100 1 _aOrganización Internacional del Trabajo (OIT)
856 4 1 _uhttps://www.biblioeco.unsa.edu.ar/pmb/images/libros/L127118.jpg
_yImagen de portada
_qimage/jpeg
999 _c3939
_d3939